Juego de tronos : canción de hielo y fuego /
Guardado en:
| Autor Principal: | |
|---|---|
| Formato: | Libro |
| Publicado: |
Buenos Aires :
Plaza Janes,
2012
|
| Edición: | 3a. ed. |
| Series: | Exitos
|
| Materias: | |
| Etiquetas: |
Agregar Etiqueta
Sin Etiquetas, Sea el primero en etiquetar este registro!
|
| LEADER | 01074nam a22002295a 4500 | ||
|---|---|---|---|
| 001 | CEM.cems013742 | ||
| 005 | 20130619162215.0 | ||
| 008 | 130507s2012##################000#0#####d | ||
| 003 | CEMS | ||
| 020 | |a 9789506442279 | ||
| 082 | 0 | 4 | |a 813.5 |
| 100 | 1 | |a Martin, George R. | |
| 245 | 1 | 0 | |a Juego de tronos : |b canción de hielo y fuego / |c George R. Martin |
| 250 | |a 3a. ed. | ||
| 260 | |a Buenos Aires : |b Plaza Janes, |c 2012 | ||
| 300 | |a 800 p. | ||
| 490 | 0 | |a Exitos | |
| 505 | 0 | |a En el legendario mundo de los siete Reinos, donde el verano puede durar décadas y el invierno toda una vida, y donde rastros de una magia inmemorial surgen en los rincones más sombríos, la tierra del norte, Invernalia, está resguardada por un colosal muro de hielo que detiene a fuerzas oscuras y sobrenaturales. En este majestuoso escenario, Lord Stark y su familia se encuentran en el centro de un conflicto que desatará todas las pasiones... | |
| 653 | |a Literatura | ||
| 653 | |a Literatura norteamericana | ||
| 653 | |a Novelas | ||
| 859 | |a CEMS |b BIB. CEMS - 11 de abril |h 813.5 |i M864 |p 26481.12 |t Ej.1 | ||
